| 000 | 00952nam a2200253 a 4500 | ||
|---|---|---|---|
| 001 | 13009 | ||
| 003 | BD-JhCC | ||
| 005 | 20230613103756.0 | ||
| 008 | 230613s2019 bg a|||| |||| 000 0 ben d | ||
| 020 | _a9789848860269 | ||
| 035 | _a(BD-JhCC)13009 | ||
| 040 |
_aBD-JhCC _dBD-JhCC |
||
| 041 | _aben | ||
| 082 |
_a927 _bMOS 2019 |
||
| 100 | _aরহমান, মশিউর | ||
| 245 |
_aছোটদের প্রিয় বিজ্ঞানী নিউটন / _cমশিউর রহমান |
||
| 260 |
_aঢাকা : _bউপমা প্রকাশ, _c২০১৯ |
||
| 300 |
_a৮০ পৃ. : _bচিত্রবলী সংযোজিত; _c২১ সেমি. |
||
| 490 | _aজীবনী গ্রন্থমালা | ||
| 504 | _aগ্রন্থপঞ্জি অর্ন্তভূক্ত। | ||
| 600 |
_aNewton, Isaac _d25 December 1642 – 20 March 1726/27 |
||
| 650 | _aBiography | ||
| 942 |
_2ddc _cBK |
||
| 999 |
_c13009 _d13009 |
||